Villes de France en F - Statistiques

Statistiques générales
  • Ce quiz a été pris 88 fois
    83 depuis la dernière actualisation
  • Le résultat moyen est 2 sur 9
Statistiques - réponses
Population Ville % Correct
61K Fréjus
57%
77K Fort-de-France
45%
9K Foix
36%
17K Fécamp
35%
20K Fougères
32%
38K Franconville
17%
21K Forbach
13%
52K Fontenay-sous-Bois
7%
24K Fontenay-aux-Roses
4%
Aucun quiz correspondant
Distribution des résultats
% des personnes avec chaque résultat
Percentile par nombre de réponses
Votre historique - résultats
Vous n’avez pas pris ce quiz depuis la dernière actualisation